[Event "IND-ch U15 Girls 38th"]
[Site "New Delhi"]
[Date "2022.11.29"]
[Round "3"]
[White "Lakshita, Kranti Rathod"]
[Black "Shybi, Binoj"]
[Result "0-1"]
[WhiteElo "1185"]
[BlackElo "1498"]
[PlyCount "86"]
[EventDate "2022.11.28"]
[EventType "swiss"]
[EventRounds "11"]
[EventCountry "IND"]
[SourceTitle "CBM 211 Extra"]
[Source "ChessBase"]
[SourceDate "2023.01.31"]
[SourceVersion "1"]
[SourceVersionDate "2023.01.31"]
[SourceQuality "1"]

1. d4 d5 2. c4 e6 3. Nf3 Nf6 4. Nc3 Bb4 5. Bg5 Nc6 6. e3 h6 7. Bh4 g5 8. Bg3 Ne4 9. Rc1 h5 10. h4 Nxg3 11. fxg3 g4 12. Nd2 Bd6 13. Ne2 dxc4 14. Rxc4 Nb4 15. Rxb4 Bxb4 16. Qa4+ Bd7 17. Qxb4 Bc6 18. Nf4 a6 19. Bd3 Qd6 20. Qc3 0-0-0 21. Nc4 Qe7 22. 0-0 Be8 23. d5 Rg8 24. d6 cxd6 25. Rc1 Kb8 26. Qb4 Rc8 27. Rc3 Bb5 28. a4 Bxc4 29. Bxc4 Ka8 30. Rb3 Rc5 31. Nd3 Rc6 32. Ne5 Rc5 33. Bxa6 bxa6 34. Nc4 Qc7 35. Nxd6 Rd8 36. Qe4+ Qc6 37. Qb4 a5 38. Qb6 Qxb6 39. Rxb6 Ka7 40. Nxf7 Rd1+ 41. Kh2 Kxb6 42. Ng5 Rcc1 43. Nxe6 Rh1# 0-1

[Event "IND-ch U15 Girls 38th"]
[Site "New Delhi"]
[Date "2022.11.28"]
[Round "1"]
[White "Arshiya, Das"]
[Black "Lakshita, Kranti Rathod"]
[Result "1-0"]
[WhiteElo "1640"]
[BlackElo "1185"]
[PlyCount "105"]
[EventDate "2022.11.28"]
[EventType "swiss"]
[EventRounds "11"]
[EventCountry "IND"]
[SourceTitle "CBM 211 Extra"]
[Source "ChessBase"]
[SourceDate "2023.01.31"]
[SourceVersion "1"]
[SourceVersionDate "2023.01.31"]
[SourceQuality "1"]

1. e4 e5 2. Nf3 Nf6 3. Nxe5 d6 4. Nf3 Nxe4 5. Qe2 Qe7 6. d3 Nf6 7. Bg5 Qxe2+ 8. Bxe2 Be7 9. 0-0 0-0 10. Nc3 Nc6 11. h3 Bf5 12. Rfe1 Rad8 13. Nb5 a6 14. Nbd4 Nxd4 15. Nxd4 Bg6 16. Bf3 Rd7 17. Bxb7 c5 18. Nc6 Rxb7 19. Nxe7+ Kh8 20. Bxf6 gxf6 21. b3 Kg7 22. Re3 a5 23. a4 h5 24. Rae1 Bh7 25. Rg3+ Kh6 26. Rf3 Kg7 27. Nf5+ Bxf5 28. Rxf5 Kg6 29. Rd5 Rd8 30. Re3 h4 31. Re4 Rb4 32. Rxb4 axb4 33. d4 Rc8 34. Rxd6 c4 35. Rb6 cxb3 36. cxb3 Kf5 37. Rxb4 Ke4 38. a5 f5 39. a6 f4 40. a7 Ra8 41. Rb7 f6 42. b4 f3 43. b5 Rc8 44. Rb8 Rc1+ 45. Kh2 fxg2 46. a8Q+ Kf4 47. Kxg2 Rc3 48. Re8 f5 49. Qb8+ Kg5 50. Rg8+ Kf6 51. Qe5+ Kf7 52. Rg7+ Kf8 53. Qe7# 1-0